Franco visto por sus ministros / (Record no. 187000)

MARC details
000 -LEADER
campo de control de longitud fija 00954nam a2200265 i 4500
001 - NÚMERO DE CONTROL
campo de control 187000
003 - IDENTIFICADOR DE NÚMERO DE CONTROL
campo de control SpMaBN
005 - FECHA Y HORA DE LA ÚLTIMA TRANSACCIÓN
campo de control 20240219213325.0
008 - DATOS DE LONGITUD FIJA--INFORMACIÓN GENERAL
campo de control de longitud fija 170327s1981 sp aco |||| |dspa d
020 ## - NÚMERO INTERNACIONAL ESTÁNDAR DEL LIBRO
Número Internacional Estándar del Libro 84-320-5676-6
080 ## - NÚMERO DE LA CLASIFICACIÓN DECIMAL UNIVERSAL
Número de la Clasificación Decimal Universal 929:32 Franco Bahamonde, Francisco
080 ## - NÚMERO DE LA CLASIFICACIÓN DECIMAL UNIVERSAL
Número de la Clasificación Decimal Universal 929(460):32(460)"1939/75"(049.3)
245 00 - MENCIÓN DEL TÍTULO
Título Franco visto por sus ministros /
Mención de responsabilidad, etc. coordinación, recopilación y prólogo de Ángel Bayod.
250 ## - MENCION DE EDICION
Mención de edición 2ª ed.
260 ## - PUBLICACIÓN, DISTRIBUCIÓN, ETC.
Lugar de publicación, distribución, etc. Barcelona :
Nombre del editor, distribuidor, etc. Planeta,
Fecha de publicación, distribución, etc. 1981.
300 ## - DESCRIPCIÓN FÍSICA
Extensión 460 p. :
Otras características físicas il., fot. retr. ;
Dimensiones 25 cm.
490 1# - MENCIÓN DE SERIE
Mención de serie Espejo de España ;
Designación de volumen o secuencia 75.
Mención de serie Los españoles
500 ## - NOTA GENERAL
Nota general Índice onomástico.
600 14 - PUNTO DE ACCESO ADICIONAL DE MATERIA--NOMBRE DE PERSONA
Nombre de persona Franco Bahamonde, Francisco,
Fechas asociadas al nombre 1892-1975
9 (RLIN) 52240
650 07 - PUNTO DE ACCESO ADICIONAL DE MATERIA--TÉRMINO DE MATERIA
Término de materia o nombre geográfico como elemento de entrada Políticos-
Subdivisión geográfica España-
Subdivisión de forma Entrevistas.
9 (RLIN) 16314
700 1# - ENTRADA AGREGADA--NOMBRE PERSONAL
Nombre de persona Bayod, Ángel.
9 (RLIN) 162188
830 0# - PUNTO DE ACCESO ADICIONAL DE SERIE-TÍTULO UNIFORME
Título uniforme Espejo de España ;
Designación de volumen o secuencia 75.
Título uniforme Los españoles
9 (RLIN) 192734
852 ## - LOCALIZACIÓN
Ubicación ES-MaACL
Número de control de estantería L-31320
Nota libre - enc. cart.
Holdings
Estatus retirado Estado de pérdida Estado de daño No para préstamo Biblioteca de origen Biblioteca actual Ubicación en estantería Fecha de adquisición Fuente de adquisición Total de préstamos Signatura topográfica completa Código de barras Visto por última vez Precio de reemplazo Tipo de ítem Koha
        Biblioteca del Ateneo de Madrid Biblioteca del Ateneo de Madrid Depósito 2 27/03/2017     L-31320 1197282 23/02/2023 23/02/2023 Libro impreso